Steve Bartkowski intercepted : (Record no. 3181)
[ view plain ]
| 000 -LEADER | |
|---|---|
| fixed length control field | 01091pam a2200313 a 4500 |
| 001 - CONTROL NUMBER | |
| control field | 2314763 |
| 003 - CONTROL NUMBER IDENTIFIER | |
| control field | GBCCL |
| 005 - DATE AND TIME OF LATEST TRANSACTION | |
| control field | 20241126110449.0 |
| 008 - FIXED-LENGTH DATA ELEMENTS--GENERAL INFORMATION | |
| fixed length control field | 810617r1980 njua b 000 0beng |
| 010 ## - | |
| -- | 81010621 |
| 020 ## - INTERNATIONAL STANDARD BOOK NUMBER | |
| International Standard Book Number | 0800750756 : |
| Terms of availability | $4.95 |
| 040 ## - CATALOGING SOURCE | |
| Original cataloging agency | DLC |
| Transcribing agency | DLC |
| Modifying agency | DLC |
| 050 00 - | |
| -- | BR1725.B348 |
| -- | D43 1980 |
| 082 00 - DEWEY DECIMAL CLASSIFICATION NUMBER | |
| Classification number | 280.4092 |
| -- | B |
| Edition information | 19 |
| Item number | DEH |
| 100 1# - MAIN ENTRY--PERSONAL NAME | |
| Personal name | DeHaan, Dan. |
| 9 (RLIN) | 6571 |
| 240 10 - | |
| -- | Intercepted by Christ |
| 245 10 - TITLE STATEMENT | |
| Title | Steve Bartkowski intercepted : |
| Remainder of title | a game plan for spiritual growth / |
| Statement of responsibility, etc. | Dan DeHaan. |
| 260 ## - PUBLICATION, DISTRIBUTION, ETC. | |
| Place of publication, distribution, etc. | Old Tappan, N.J. : |
| Name of publisher, distributor, etc. | F.H. Revell, |
| Date of publication, distribution, etc. | c1980. |
| 300 ## - PHYSICAL DESCRIPTION | |
| Extent | 153 p. : |
| Other physical details | ill. ; |
| Dimensions | 20 cm. |
| 500 ## - GENERAL NOTE | |
| General note | "Originally published by Cross Roads Books under the title, Intercepted by Christ"--Verso t.p. |
| 500 ## - GENERAL NOTE | |
| General note | "A Power book"--Verso t.p. |
| 504 ## - BIBLIOGRAPHY, ETC. NOTE | |
| Bibliography, etc. note | Includes bibliographical references. |
| 600 10 - SUBJECT ADDED ENTRY--PERSONAL NAME | |
| Personal name | Bartkowski, Steve. |
| 9 (RLIN) | 6572 |
| 650 #0 - SUBJECT ADDED ENTRY--TOPICAL TERM | |
| Topical term or geographic name entry element | Christian biography |
| Geographic subdivision | United States. |
| 9 (RLIN) | 318 |
| 650 #0 - SUBJECT ADDED ENTRY--TOPICAL TERM | |
| Topical term or geographic name entry element | Football players |
| Geographic subdivision | United States |
| General subdivision | Biography. |
| 9 (RLIN) | 6573 |
| 740 0# - | |
| -- | Intercepted. |
| 906 ## - LOCAL DATA ELEMENT F, LDF (RLIN) | |
| a | 7 |
| b | cbc |
| c | orignew |
| d | 1 |
| e | ocip |
| f | 19 |
| g | y-gencatlg |
| 942 ## - ADDED ENTRY ELEMENTS (KOHA) | |
| Source of classification or shelving scheme | Dewey Decimal Classification |
| Koha item type | Books |
| Withdrawn status | Lost status | Source of classification or shelving scheme | Damaged status | Not for loan | Home library | Current Library | Shelving location | Date acquired | Total checkouts | Full call number | Barcode | Date last seen | Copy number | Price effective from | Koha item type |
|---|---|---|---|---|---|---|---|---|---|---|---|---|---|---|---|
| Dewey Decimal Classification | GRACE BIBLE COLLEGE | GRACE BIBLE COLLEGE | Church History | 2017-11-14 | 280.4092 DEH | 008481 | 2025-05-01 | c.1 | 2017-11-14 | Books |